Assembler language programming for the PDP-11 / (Record no. 324)

000 -LEADER
fixed length control field nam a22 a 4500
005 - DATE AND TIME OF LATEST TRANSACTION
control field 20170503112444.0
008 - FIXED-LENGTH DATA ELEMENTS--GENERAL INFORMATION
fixed length control field 170503b1984 -us||||| |||| 00| 0 eng d
020 ## - INTERNATIONAL STANDARD BOOK NUMBER
International Standard Book Number 0874847044
040 ## - CATALOGING SOURCE
Original cataloging agency AKMAL
082 0# - DEWEY DECIMAL CLASSIFICATION NUMBER
Classification number 001.6 SHA
090 ## - LOCALLY ASSIGNED LC-TYPE CALL NUMBER (OCLC); LOCAL CALL NUMBER (RLIN)
Classification number (OCLC) (R) ; Classification number, CALL (RLIN) (NR) 001.6
Local cutter number (OCLC) ; Book number/undivided call number, CALL (RLIN) SHA
100 1# - MAIN ENTRY--PERSONAL NAME
Personal name Shapiro, Harvey L.
9 (RLIN) 739
245 00 - TITLE STATEMENT
Title Assembler language programming for the PDP-11 /
Statement of responsibility, etc. Harvey Lee Shapiro. 250
260 ## - PUBLICATION, DISTRIBUTION, ETC.
Place of publication, distribution, etc. Palo Alto, Calif. :
Name of publisher, distributor, etc. Mayfield Pub. Co.,
Date of publication, distribution, etc. 1984
300 ## - PHYSICAL DESCRIPTION
Extent xvii, 349 p. :
Other physical details ill. ;
Dimensions 26cm
500 ## - GENERAL NOTE
General note Includes index
650 #0 - SUBJECT ADDED ENTRY--TOPICAL TERM
Topical term or geographic name entry element PDP-11 (Computer)
General subdivision Programming
9 (RLIN) 740
650 #0 - SUBJECT ADDED ENTRY--TOPICAL TERM
Topical term or geographic name entry element Assembly languages (Electronic computers)
9 (RLIN) 741
942 ## - ADDED ENTRY ELEMENTS (KOHA)
Source of classification or shelving scheme
Koha item type Book
Holdings
Withdrawn status Lost status Source of classification or shelving scheme Damaged status Not for loan Collection code Home library Current library Shelving location Date acquired Inventory number Total Checkouts Full call number Barcode Date last seen Price effective from Koha item type
          NON-FICTION AKMAL Melaka AKMAL Melaka PINJAMAN 03.05.2017 000076   001.6 SHA 201701150 03.05.2017 03.05.2017 Book
Pusat Sumber Maklumat Dato' Haji Sarmin Md Hussin, Akademi Kastam Diraja Malaysia, Melaka
Tel: 06-2331106 | Faks: 06-2313787